000 00350nam a2200157Ia 4500
003 OSt
005 20240102042939.0
008 170524s9999 xx 000 0 und d
020 _a9780195676877
040 _ciimtu
100 _aDutta Aloke
245 0 _aSemeconductor Devices and circuits
260 _bOxford
260 _c2009
942 _2ddc
_c02
999 _c5666
_d5666